| 000 | 01191nam a2200289Ia 4500 | ||
|---|---|---|---|
| 001 | ebr10056832 | ||
| 003 | CaPaEBR | ||
| 006 | m u | ||
| 007 | cr cn||||||||| | ||
| 008 | 040925s1988 dcu gsb 001 0 eng d | ||
| 020 | _z0309037921 | ||
| 040 |
_aCaPaEBR _cCaPaEBR |
||
| 035 | _a(OCoLC)614592266 | ||
| 050 | 1 | 4 |
_aBF637.S4 _bE56 1988eb |
| 245 | 0 | 0 |
_aEnhancing human performance _h[electronic resource] : _bissues, theories, and techniques / _cDaniel Druckman and John A. Swets, editors. |
| 260 |
_aWashington, D.C. : _bNational Academy Press, _c1988. |
||
| 300 | _axi, 299 p. | ||
| 504 | _aIncludes bibliographical references and index. | ||
| 533 |
_aElectronic reproduction. _bPalo Alto, Calif. : _cebrary, _d2009. _nAvailable via World Wide Web. _nAccess may be limited to ebrary affiliated libraries. |
||
| 650 | 0 |
_aPerformance _xPsychological aspects. |
|
| 650 | 0 | _aPersonnel management. | |
| 655 | 7 |
_aElectronic books. _2local |
|
| 700 | 1 |
_aDruckman, Daniel, _d1939- |
|
| 700 | 1 |
_aSwets, John A., _d1928- |
|
| 710 | 2 | _aebrary, Inc. | |
| 856 | 4 | 0 |
_uhttp://site.ebrary.com/lib/rucke/Doc?id=10056832 _zAn electronic book accessible through the World Wide Web; click to view |
| 999 |
_c171995 _d171995 |
||